Program planning for health education and promotion. / (Record no. 5650)
[ view plain ]
| 000 -LEADER | |
|---|---|
| fixed length control field | 02245pam a2200349 a 4500 |
| 001 - CONTROL NUMBER | |
| control field | 614514 |
| 003 - CONTROL NUMBER IDENTIFIER | |
| control field | OSt |
| 005 - DATE AND TIME OF LATEST TRANSACTION | |
| control field | 20210414114456.0 |
| 008 - FIXED-LENGTH DATA ELEMENTS--GENERAL INFORMATION | |
| fixed length control field | 920316s1992 paua b 001 0 eng c |
| 010 ## - LIBRARY OF CONGRESS CONTROL NUMBER | |
| LC control number | 92011578 |
| 020 ## - INTERNATIONAL STANDARD BOOK NUMBER | |
| International Standard Book Number | 0812115546 |
| 040 ## - CATALOGING SOURCE | |
| Original cataloging agency | DNLM/DLC |
| Transcribing agency | DLC |
| Modifying agency | DLC |
| 050 00 - LIBRARY OF CONGRESS CALL NUMBER | |
| Classification number | RA440.5.D55 |
| 060 ## - NATIONAL LIBRARY OF MEDICINE CALL NUMBER | |
| Classification number | WA 590 D575i |
| 082 00 - DEWEY DECIMAL CLASSIFICATION NUMBER | |
| Classification number | 613/.07 |
| Edition number | 20 |
| 100 1# - MAIN ENTRY--PERSONAL NAME | |
| Personal name | Dignan, Mark B. |
| 245 10 - TITLE STATEMENT | |
| Title | Program planning for health education and promotion. / |
| Statement of responsibility, etc. | Mark B. Dignan |
| 250 ## - EDITION STATEMENT | |
| Edition statement | 2nd ed. |
| 260 ## - PUBLICATION, DISTRIBUTION, ETC. | |
| Place of publication, distribution, etc. | Pennsylvania: |
| Name of publisher, distributor, etc. | Lea & Febiger, |
| Date of publication, distribution, etc. | 1992. |
| 300 ## - PHYSICAL DESCRIPTION | |
| Extent | xiii,176p.: |
| Other physical details | ill.; |
| Dimensions | 23cm. |
| 500 ## - GENERAL NOTE | |
| General note | Includes bibliographical references and index. |
| 505 ## - FORMATTED CONTENTS NOTE | |
| Formatted contents note | Contents: Program planning: Putting the parts together -- Basic definitions and assumptions -- Targets of program planning -- Theoretical foundations -- Process of program planning -- Community analysis: Understanding communities -- Format for community analysis -- Collecting data from the community -- Conducting the community analysis -- Community diagnosis -- Targeted assessment: Starting with a defined problem -- Extending community analysis -- Exploring program focus -- Establishing program goals -- Methods for collecting data on health behaviors and outcomes -- Assessing educational readiness -- Defining target group behaviors -- Models for behavioral assessment -- Program plan development: Components of program plans -- The planning process -- Creating the planning document -- Examples of program plans -- Implementation: Phases of implementation -- Evaluation: A working definition of evaluation -- Scope of evaluation -- Focus of program evaluation -- Sources of evaluation -- Evaluation criteria -- Measurement and evaluation -- Evaluation design -- Quantitative evaluation -- Qualitative evaluation -- Combined quantitative and qualitative methods -- Planning for evaluation -- Accountability and program evaluation. |
| 650 #0 - SUBJECT ADDED ENTRY--TOPICAL TERM | |
| Topical term or geographic name entry element | Health education |
| General subdivision | Planning. |
| 650 #0 - SUBJECT ADDED ENTRY--TOPICAL TERM | |
| Topical term or geographic name entry element | Health promotion |
| General subdivision | Planning |
| 650 #2 - SUBJECT ADDED ENTRY--TOPICAL TERM | |
| Topical term or geographic name entry element | Health Education. |
| 650 #2 - SUBJECT ADDED ENTRY--TOPICAL TERM | |
| Topical term or geographic name entry element | Health Planning. |
| 650 #2 - SUBJECT ADDED ENTRY--TOPICAL TERM | |
| Topical term or geographic name entry element | Health Promotion. |
| 700 1# - ADDED ENTRY--PERSONAL NAME | |
| Personal name | Carr, Patricia A. |
| 906 ## - LOCAL DATA ELEMENT F, LDF (RLIN) | |
| a | 7 |
| b | cbc |
| c | orignew |
| d | 1 |
| e | ocip |
| f | 19 |
| g | y-gencatlg |
| 942 ## - ADDED ENTRY ELEMENTS (KOHA) | |
| Source of classification or shelving scheme | Library of Congress Classification |
| Koha item type | Books |
| Withdrawn status | Lost status | Source of classification or shelving scheme | Damaged status | Not for loan | Home library | Current library | Shelving location | Date acquired | Total Checkouts | Full call number | Barcode | Date last seen | Price effective from | Koha item type |
|---|---|---|---|---|---|---|---|---|---|---|---|---|---|---|
| Library of Congress Classification | WISCONSIN INTERNATIONAL UNIVERSITY COLLEGE, GHANA - MAIN LIBRARY | WISCONSIN INTERNATIONAL UNIVERSITY COLLEGE, GHANA - MAIN LIBRARY | Reference | 17/07/2015 | RA440.5.D55 | 8023/450/15 | 17/07/2015 | 17/07/2015 | Books |
